[Event "9th RTU Open 2019"]
[Site "Riga"]
[Date "2019.08.09"]
[Round "7.26"]
[White "Kruglyakov, Pavlo"]
[Black "Bulmaga, Irina"]
[Result "1-0"]
[WhiteElo "2347"]
[BlackElo "2435"]
[Annotator "TA"]
[PlyCount "113"]
[EventDate "2019.08.05"]
[EventType "swiss"]
[EventCountry "LAT"]
[SourceTitle "playchess.com"]
[Source "ChessBase"]
[SourceQuality "1"]

{[%evp 10,113,33,11,12,24,37,33,36,12,37,9,40,-6,43,43,43,43,64,62,54,17,43,43,65,50,71,69,106,115,103,78,104,116,120,121,122,128,127,127,132,140,144,141,137,137,142,125,126,100,95,97,97,93,122,106,91,91,135,116,150,147,137,141,151,164,224,209,200,141,141,141,149,141,141,143,141,125,104,74,92,92,94,72,106,58,67,67,170,160,263,253,495,392,392,383,29977,29978,29978,29979,29984,29985,29985,29986,29986,29987]} 1. e4 c6 2. Nc3 d5 3. Nf3 Bg4 4. h3 Bxf3 5. Qxf3 Nf6 6. Be2 e6 {B11: Caro-Kann: Two Knights Variation} 7. O-O dxe4 8. Nxe4 Be7 {White is slightly better.} 9. b4 $146 ({Predecessor:} 9. d3 O-O 10. Qg3 Kh8 11. Bf4 Nd5 12. Bd2 Qc7 13. Qxc7 Nxc7 14. c4 {0-1 (53) Czebe,A (2480)-Turov,M (2624) Bhubaneswar 2010}) 9... Nxe4 10. Qxe4 Bf6 11. Rb1 O-O (11... Qd5 $5 {[%cal Rd5e4]} 12. Qc4 O-O $11) 12. b5 Qd5 13. Bd3 {[%csl Gd3][%cal Re4h7]} g6 14. bxc6 bxc6 15. Qa4 $36 {[%mdl 2048] White has the initiative.} Rd8 16. Be4 Qd4 17. Rb4 Qd7 18. d3 Qc7 19. Be3 Nd7 20. Qxc6 Qxc6 21. Bxc6 Rac8 22. Ba4 Nc5 23. Bb5 a6 24. Bc4 Bc3 25. Rb6 Bd4 26. Bxd4 Rxd4 27. Rfb1 Rdd8 28. Kf1 e5 29. Re1 e4 30. Re3 (30. dxe4 Nd7 $11) 30... Kg7 31. g4 ({Much weaker is} 31. dxe4 $6 Nd7 $11) 31... h6 32. f3 ({Don't play} 32. dxe4 $6 Nd7 $11) 32... exd3 33. cxd3 Rd7 34. Ke2 a5 35. f4 Na4 36. Rb3 Rd4 {[#]} 37. Kf3 $1 {Strongly threatening Rb7.} Nc5 (37... Rc7 $142 38. Rb5 Rd8) 38. Rb5 $18 Ne6 39. Bxe6 fxe6 40. Rxa5 {[%mdl 4096] Endgame KRR-KRR} Rf8 41. Ra7+ Rf7 42. Rxf7+ Kxf7 $16 {KR-KR} 43. Kg3 Kf6 44. Rf3 Rd5 45. Kg2 Rd4 46. Kf1 Rd5 47. Ke1 Rd4 48. Kd1 h5 ({Black should try} 48... Ra4 $1 $14) 49. Kc2 $18 hxg4 (49... Ke7 $16 50. Kc3 Ra4) 50. hxg4 e5 $2 (50... Ke7 {might work better.} 51. Kc3 Ra4) 51. fxe5+ Kxe5 52. Re3+ Kf4 $2 {[#]} (52... Kd6 $18 53. Re4 Rd5) 53. Re4+ $1 {White mates.} Rxe4 54. dxe4 Kxg4 55. a4 {[%cal Ba2a4,Ba4a5,Ba5a6][%mdl 32]} Kf4 56. a5 g5 57. a6 {Accuracy: White = 70%, Black = 37%.} 1-0

[Event "9th RTU Open 2019"]
[Site "Riga"]
[Date "2019.08.09"]
[Round "7.27"]
[White "Mohammad Nubairshah Shaikh"]
[Black "Sowray, Peter J"]
[Result "0-1"]
[WhiteElo "2449"]
[BlackElo "2334"]
[Annotator "TA"]
[PlyCount "134"]
[EventDate "2019.08.05"]
[EventType "swiss"]
[EventCountry "LAT"]
[SourceTitle "playchess.com"]
[Source "ChessBase"]
[SourceQuality "1"]

{[%evp 25,134,16,42,18,47,50,64,41,70,-14,-14,-11,0,-9,-13,0,0,-19,-7,-24,25,0,2,0,39,0,0,0,42,0,0,0,0,0,0,0,17,12,13,0,22,14,17,21,35,16,35,44,40,23,143,147,151,114,114,114,114,114,114,114,122,0,0,0,0,0,0,0,0,0,0,0,0,0,0,0,0,-2462,-2393,-1878,-29950,-12849,-6729,-3062,-2106,-29958,-29952,-29950,-29952,-29947,-29951,-29948,-29953,-12123,-5958,-29974,-29975,-29974,-29975,-29976,-29977,-29977,-29979,-29983,-29984,-29991,-29992,-29993,-29994,-29994,-29994]} 1. c4 e6 2. Nc3 d5 3. d4 Nf6 4. cxd5 exd5 5. Bg5 c6 6. e3 Be7 7. Bd3 Nbd7 8. Nf3 h6 9. Bh4 Nh5 10. Bxe7 Qxe7 11. O-O O-O 12. Rb1 Nhf6 13. Qc2 Nb6 14. b4 {D36: Queen's Gambit Declined: Exchange Variation: Main line (5 Bg5 c6 6 Qc2)} (14. h3 a5 15. Ne5 Nfd7 16. f4 Nxe5 17. fxe5 f6 18. Qf2 Be6 19. Qg3 Kh8 20. exf6 Rxf6 21. Rxf6 Qxf6 {1-0 (76) Svidler,P (2727)-Nisipeanu,L (2678) Baku 2015}) 14... a6 15. a4 Be6 $146 ({Predecessor:} 15... Bd7 16. Ne5 Rfd8 17. Rfd1 Be8 18. Qb3 Rdc8 19. Bf1 Bd7 20. Bd3 Be6 21. Ne2 Ne4 22. Qc2 Nd6 23. Nf4 Nd7 24. Bh7+ Kf8 25. Nfg6+ {1-0 (25) Worek,J-Caoili,A (2050) Oropesa del Mar 1998}) 16. Rfc1 {White is slightly better.} Qd6 17. b5 (17. Ne5 $14) 17... cxb5 $1 $11 18. axb5 a5 19. Na4 Nxa4 20. Qxa4 Nd7 21. Ra1 Nb6 22. Qa2 Nc4 23. Nd2 Nxd2 24. Qxd2 Qb6 25. Qa2 Qd6 26. Qd2 Qb6 27. Qa2 Qd6 28. Rc5 Rfc8 29. Qa3 Qf8 30. b6 a4 31. Bb5 (31. h4 {feels hotter.} Rxc5 32. dxc5 Rc8 33. Rc1 Ra8 34. Bc2) 31... Qd8 32. Rxc8 ({But not} 32. Bxa4 Rxc5 33. Qxc5 Bd7 $17) 32... Rxc8 (32... Qxc8 {looks sharper.} 33. h4 Bf5 34. Qb2 Bd7 35. Rc1 Qd8) 33. Qxa4 Qxb6 34. h3 g5 35. Bd7 Bxd7 36. Qxd7 {[%mdl 4160] [#] Endgame Double Attack. KQR-KQR} Qc6 37. Qe7 Qc3 (37... Re8 $11 38. Qa3 Rc8) 38. Rb1 $16 b5 39. Qf6 Qd3 40. Ra1 Qg6 41. Qxg6+ fxg6 {[#] KR-KR} 42. Ra6 $1 Kf7 43. Rd6 ({Only move:} 43. Rb6 $16) 43... Rb8 $11 44. Kf1 b4 {aiming for ...b3.} 45. Rc6 b3 {Threatens to win with ...b2.} 46. Rc1 h5 47. Ke1 g4 (47... b2 $5 48. Rb1 $8 Kf6 $11) 48. hxg4 hxg4 (48... b2 $5 49. Rb1 $8 hxg4 $11) 49. g3 Ke6 {Strongly threatening ...b2.} 50. Kd2 Kf5 {And now ...b2 would win.} 51. Rh1 $2 {[%mdl 8192]} (51. Kd3 $11) 51... Ke4 $19 52. Kc1 b2+ 53. Kb1 Kf3 54. Rh2 g5 55. Rh5 Kxf2 56. Rxg5 Kxg3 57. Rxd5 Kf3 58. Rg5 g3 59. e4 Rb4 (59... g2 $142 60. d5 Rb4) 60. d5 Rxe4 {Black mates.} 61. Kxb2 g2 ({Stronger than} 61... Rg4 62. Rxg4 Kxg4 63. d6 $11) 62. d6 Rd4 63. Rg6 Rd1 64. Rf6+ Ke4 65. Re6+ Kf5 66. Re8 g1=Q 67. Rf8+ Ke6 {Accuracy: White = 45%, Black = 74%.} 0-1

[Event "9th RTU Open 2019"]
[Site "Riga"]
[Date "2019.08.09"]
[Round "7.28"]
[White "Dordzhieva, Dinara"]
[Black "Ostrovskiy, Aleksandr"]
[Result "1-0"]
[WhiteElo "2306"]
[BlackElo "2453"]
[Annotator "TA"]
[PlyCount "87"]
[EventDate "2019.08.05"]
[EventType "swiss"]
[EventCountry "LAT"]
[SourceTitle "playchess.com"]
[Source "ChessBase"]
[SourceQuality "1"]

{[%evp 11,87,33,14,-7,0,-6,6,-20,-13,0,-17,-17,15,10,50,45,40,0,0,0,0,0,0,0,12,11,2,9,9,4,18,0,16,2,24,12,76,62,167,160,206,195,171,182,236,242,236,236,243,243,238,240,237,237,237,234,237,235,232,243,311,278,280,266,309,271,298,264,503,518,965,922,29986,29987,29990,29990,29992,29991]} 1. Nf3 d5 2. g3 g6 3. Bg2 Bg7 4. d4 e6 5. O-O Ne7 6. c4 O-O 7. Nbd2 {A13: English Opening: 1...e6} a5 $146 ({Predecessor:} 7... Nbc6 8. cxd5 exd5 9. e3 Bf5 10. b3 Qd7 11. Ba3 Bh3 12. Rc1 Bxg2 13. Kxg2 Rfe8 14. Ne1 Nf5 {0-1 (55) Bindrich,F (2594)-Malakhov,V (2694) Berlin 2015}) 8. e3 a4 9. Nb1 {The position is equal.} dxc4 10. Na3 c5 11. dxc5 Qa5 12. Qd6 Nf5 13. Qb6 Nd7 14. Nxc4 Nxb6 15. Nxa5 Rxa5 16. cxb6 Rb5 {And now ...a3 would win.} 17. Rb1 Rxb6 18. b3 axb3 19. Rxb3 Rxb3 20. axb3 Rd8 21. Bd2 e5 22. Ba5 $36 {[%mdl 2048] White fights for an advantage.} Rd3 23. Rc1 Bd7 (23... Be6 $11 {keeps the balance.}) 24. Nd2 $16 b5 {[#]} (24... Nd6 $14) 25. Ne4 $1 $18 Be6 26. Nc5 Rd6 27. Nxe6 Rxe6 (27... fxe6 $142 28. Rc8+ Kf7) 28. Rc8+ Bf8 29. Bb4 Nd6 {[#]} 30. Rb8 $1 e4 31. Bxe4 Nxe4 32. Bxf8 {[%mdl 4096] Endgame Threatening mate with Bh6+. KRB-KRN} f5 33. f3 Nf6 {Strongly threatening ...Nd7.} 34. Bc5+ Kf7 35. Rxb5 Nd5 36. Kf2 Ra6 37. Rb7+ Ke6 38. Ra7 Rc6 39. b4 {[%cal Bb3b4,Bb4c5][%mdl 32]} h5 $2 (39... Nf6 {might work better.} 40. Re7+ Kd5) 40. Rg7 Rxc5 (40... Ke5 $142 41. Bd4+ Ke6 42. Rxg6+ Kd7) 41. bxc5 Nxe3 42. Kxe3 {White mates.} f4+ 43. gxf4 g5 44. Rxg5 {Accuracy: White = 75%, Black = 40%.} 1-0

[Event "9th RTU Open 2019"]
[Site "Riga"]
[Date "2019.08.09"]
[Round "7.29"]
[White "Kopylov, Michael"]
[Black "Chukavin, Kirill"]
[Result "1/2-1/2"]
[WhiteElo "2415"]
[BlackElo "2300"]
[Annotator "NA"]
[PlyCount "57"]
[EventDate "2019.08.05"]
[EventType "swiss"]
[EventCountry "LAT"]
[SourceTitle "playchess.com"]
[Source "ChessBase"]
[SourceQuality "1"]
[TimeControl "5400+30"]

1. d4 {[%emt 0:00:00]} Nf6 {[%emt 0:00:00]} 2. c4 {[%emt 0:00:00]} e6 {[%emt 0:00:00]} 3. g3 {[%emt 0:00:05]} d5 {[%emt 0:00:00]} 4. Bg2 {[%emt 0:00:11]} dxc4 {[%emt 0:00:12]} 5. Nf3 {[%emt 0:00:16]} Bd7 {[%emt 0:00:14]} 6. Ne5 {[%emt 0:01:23]} Bc6 {[%emt 0:00:11]} 7. Nxc6 {[%emt 0:00:08]} Nxc6 {[%emt 0:00:06]} 8. e3 {[%emt 0:00:08]} Qd7 {[%emt 0:00:29]} 9. O-O {[%emt 0:00:23]} O-O-O {[%emt 0:00:11]} 10. Nd2 {[%emt 0:03:45]} e5 {[%emt 0:00:11]} 11. Nxc4 {[%emt 0:00:10]} exd4 {[%emt 0:00:07]} 12. Qb3 {[%emt 0:00:36]} Nd5 {[%emt 0:00:32]} 13. Rd1 {[%emt 0:01:49]} Bc5 {[%emt 0:02:26]} 14. Bd2 {[%emt 0:14:28]} Qe6 {[%emt 0:11:51]} 15. Qb5 {[%emt 0:10:00]} dxe3 {[%emt 0:16:14]} 16. Qxc5 {[%emt 0:02:02]} exd2 {[%emt 0:00:28]} 17. Rxd2 {[%emt 0:03:19]} Nb6 {[%emt 0:01:26]} 18. Rc2 {[%emt 0:09:10]} Nxc4 {[%emt 0:52:58]} 19. Rxc4 {[%emt 0:01:29]} Qe5 {[%emt 0:02:59]} 20. Bxc6 {[%emt 0:16:08]} Qxc5 {[%emt 0:00:06]} 21. Rxc5 {[%emt 0:00:05]} bxc6 {[%emt 0:00:03]} 22. Rxc6 {[%emt 0:00:09]} Kb7 {[%emt 0:03:00]} 23. Rac1 {[%emt 0:01:20]} Rd1+ {[%emt 0:00:18]} 24. Kg2 {[%emt 0:00:13]} Rxc1 {[%emt 0:00:12]} 25. Rxc1 {[%emt 0:00:03]} Rd8 {[%emt 0:00:36]} 26. Rc2 {[%emt 0:00:15]} Kb6 {[%emt 0:01:09]} 27. Kf3 {[%emt 0:00:18]} c5 {[%emt 0:00:51]} 28. Ke3 {[%emt 0:03:23]} Kb5 {[%emt 0:00:33]} 29. Rc3 {[%emt 0:05:07]} 1/2-1/2

[Event "9th RTU Open 2019"]
[Site "Riga"]
[Date "2019.08.09"]
[Round "7.30"]
[White "Ramsdal, Jens Albert"]
[Black "Low, Zhen Yu Cyrus"]
[Result "0-1"]
[WhiteElo "2257"]
[BlackElo "2413"]
[Annotator "NA"]
[PlyCount "78"]
[EventDate "2019.08.05"]
[EventType "swiss"]
[EventCountry "LAT"]
[SourceTitle "playchess.com"]
[Source "ChessBase"]
[SourceQuality "1"]
[TimeControl "5400+30"]

1. d4 {[%emt 0:00:00]} Nf6 {[%emt 0:00:00]} 2. Bf4 {[%emt 0:00:00]} g6 {[%emt 0:00:00]} 3. Nd2 {[%emt 0:00:16]} Bg7 {[%emt 0:00:31]} 4. c3 {[%emt 0:01:39]} O-O {[%emt 0:00:57]} 5. e4 {[%emt 0:01:10]} d6 {[%emt 0:09:09]} 6. Ngf3 {[%emt 0:01:41]} Nc6 {[%emt 0:00:09]} 7. Bb5 {[%emt 0:09:01]} Bd7 {[%emt 0:07:55]} 8. O-O {[%emt 0:04:12]} e5 {[%emt 0:11:55]} 9. Bg5 {[%emt 0:02:36]} h6 {[%emt 0:02:28]} 10. Bh4 {[%emt 0:00:05]} Qe8 {[%emt 0:08:16]} 11. Bxc6 {[%emt 0:04:30]} Bxc6 {[%emt 0:00:39]} 12. d5 {[%emt 0:03:50]} Bd7 {[%emt 0:00:39]} 13. Bxf6 {[%emt 0:00:24]} Bxf6 {[%emt 0:00:02]} 14. b4 {[%emt 0:01:05]} Be7 {[%emt 0:08:30]} 15. Nb3 {[%emt 0:05:19]} f5 {[%emt 0:01:48]} 16. Nfd2 {[%emt 0:00:01]} c6 {[%emt 0:00:45]} 17. Nc4 {[%emt 0:04:26]} Qf7 {[%emt 0:02:07]} 18. exf5 {[%emt 0:03:14]} Bxf5 {[%emt 0:07:32]} 19. Ne3 {[%emt 0:01:38]} cxd5 {[%emt 0:00:42]} 20. Qxd5 {[%emt 0:03:24]} Qxd5 {[%emt 0:03:43]} 21. Nxd5 {[%emt 0:00:02]} Bg5 {[%emt 0:00:11]} 22. g3 {[%emt 0:06:49]} Bh3 {[%emt 0:01:34]} 23. Rfd1 {[%emt 0:03:06]} Rf7 {[%emt 0:02:19]} 24. Nd2 {[%emt 0:00:21]} Bg4 {[%emt 0:03:45]} 25. Ne4 {[%emt 0:02:19]} Bxd1 {[%emt 0:00:07]} 26. Rxd1 {[%emt 0:00:06]} Rd8 {[%emt 0:01:35]} 27. c4 {[%emt 0:05:50]} Kf8 {[%emt 0:00:42]} 28. Kf1 {[%emt 0:02:15]} Ke8 {[%emt 0:04:17]} 29. Ke2 {[%emt 0:00:53]} Kd7 {[%emt 0:02:22]} 30. Ndc3 {[%emt 0:05:54]} Ke6 {[%emt 0:04:17]} 31. c5 {[%emt 0:09:03]} d5 {[%emt 0:00:10]} 32. Nd6 {[%emt 0:00:12]} Rfd7 {[%emt 0:00:07]} 33. Nxd5 {[%emt 0:00:44]} Be7 {[%emt 0:01:35]} 34. Nxe7 {[%emt 0:00:40]} Rxe7 {[%emt 0:00:15]} 35. Kd3 {[%emt 0:05:08]} b6 {[%emt 0:02:28]} 36. Kc4 {[%emt 0:00:02]} Rc7 {[%emt 0:00:42]} 37. Rd3 {[%emt 0:00:15]} a6 {[%emt 0:03:36]} 38. a4 {[%emt 0:01:36]} Rc6 {[%emt 0:01:22]} 39. Rd5 {[%emt 0:05:21]} b5+ {[%emt 0:01:35] Kd4} 0-1

[Event "9th RTU Open 2019"]
[Site "Riga"]
[Date "2019.08.09"]
[Round "7.31"]
[White "Akhvlediani, Irakli"]
[Black "Krivonosov, Oleg"]
[Result "1/2-1/2"]
[WhiteElo "2259"]
[BlackElo "2416"]
[Annotator "NA"]
[PlyCount "63"]
[EventDate "2019.08.05"]
[EventType "swiss"]
[EventCountry "LAT"]
[SourceTitle "playchess.com"]
[Source "ChessBase"]
[SourceQuality "1"]
[TimeControl "5400+30"]

1. d4 {[%emt 0:00:00]} d5 {[%emt 0:00:00]} 2. c4 {[%emt 0:00:00]} e6 {[%emt 0:00:00]} 3. Nf3 {[%emt 0:00:00]} Nf6 {[%emt 0:00:01]} 4. g3 {[%emt 0:00:00]} Bb4+ {[%emt 0:00:13]} 5. Bd2 {[%emt 0:00:00]} Be7 {[%emt 0:00:06]} 6. Bg2 {[%emt 0:00:00]} O-O {[%emt 0:00:13]} 7. O-O {[%emt 0:00:00]} c6 {[%emt 0:00:34]} 8. Qc2 {[%emt 0:00:03]} Nbd7 {[%emt 0:02:02]} 9. Bf4 {[%emt 0:00:11]} b6 {[%emt 0:00:32]} 10. Rd1 {[%emt 0:00:09]} Ba6 {[%emt 0:00:38]} 11. Ne5 {[%emt 0:00:19]} Rc8 {[%emt 0:00:17]} 12. cxd5 {[%emt 0:00:47]} Nxd5 {[%emt 0:00:15]} 13. Nc3 {[%emt 0:09:23]} Nxc3 {[%emt 0:01:20]} 14. bxc3 {[%emt 0:00:24]} Nxe5 {[%emt 0:00:06]} 15. Bxe5 {[%emt 0:00:18]} Bc4 {[%emt 0:00:10]} 16. Be4 {[%emt 0:00:13]} h6 {[%emt 0:01:22]} 17. Bh7+ {[%emt 0:00:04]} Kh8 {[%emt 0:00:03]} 18. Bd3 {[%emt 0:00:03]} Bxd3 {[%emt 0:00:15]} 19. Rxd3 {[%emt 0:00:04]} f6 {[%emt 0:01:12]} 20. Bf4 {[%emt 0:00:14]} Bd6 {[%emt 0:00:05]} 21. Bxd6 {[%emt 0:02:00]} Qxd6 {[%emt 0:00:09]} 22. c4 {[%emt 0:01:26]} e5 {[%emt 0:15:01]} 23. dxe5 {[%emt 0:06:39]} Qxe5 {[%emt 0:00:10]} 24. Rad1 {[%emt 0:00:08]} Rfe8 {[%emt 0:09:32]} 25. e3 {[%emt 0:11:50]} Qe4 {[%emt 0:06:51]} 26. Qb3 {[%emt 0:00:13]} Rc7 {[%emt 0:04:34]} 27. Rd4 {[%emt 0:00:51]} Qf5 {[%emt 0:02:31]} 28. Rd6 {[%emt 0:03:04]} Kh7 {[%emt 0:04:23]} 29. R1d4 {[%emt 0:18:26]} Re5 {[%emt 0:07:03]} 30. Rd8 {[%emt 0:03:43]} c5 {[%emt 0:02:48]} 31. R4d5 {[%emt 0:07:55]} Rce7 {[%emt 0:04:21]} 32. Rxe5 {[%emt 0:02:20]} 1/2-1/2

[Event "9th RTU Open 2019"]
[Site "Riga"]
[Date "2019.08.09"]
[Round "7.32"]
[White "Humburg, Philipp"]
[Black "Tania, Sachdev"]
[Result "0-1"]
[WhiteElo "2244"]
[BlackElo "2401"]
[Annotator "TA"]
[PlyCount "86"]
[EventDate "2019.08.05"]
[EventType "swiss"]
[EventCountry "LAT"]
[SourceTitle "playchess.com"]
[Source "ChessBase"]
[SourceQuality "1"]

{[%evp 14,171,10,10,3,7,11,4,17,9,18,6,13,13,49,37,32,39,73,60,53,47,56,47,85,56,91,33,36,27,24,14,9,0,0,0,0,0,0,0,27,25,25,25,26,26,27,27,27,26,32,32,24,0,0,0,0,0,0,-31,-43,-150,-159,-379,-406,-462,-432,-562,-527,-1051,-968,-1257,-1243,-1045,-896,-1885,-1583,-1722,-859,-1534,0,-1443,-1014,-950,-916,-915,-282,-381,0,-844,-756,-837,-833,-816,0,0,0,-755,-764,-659,-464,-823,-754,-822,-769,-1041,-726,-741,-687,-1238,-1167,-1641,-1730,-1583,-1558,-1481,-1371,-1351,-1235,-2005,-2007,-1918,-1929,-1551,-1512,-29967,-29970,-29971,-29969,-29968,-6203,-29972,-29972,-29979,-29977,-29981,-29983,-29984,-29985,-29986,-29943,-1445,0,-29986,-29987,-29987,-29988,-29988,-29989,-29993,-29994,-29994,-29995,-29995,-29995,-29997,-29998,-29998,-29999,-29999]} 1. e4 e5 2. Nf3 Nc6 3. Bc4 Bc5 4. O-O Nf6 5. d3 O-O 6. h3 h6 7. c3 d6 8. Bb3 a5 {C54: Giuoco Piano: 4 c3 Nf6, main lines with 5 d4 and 5 d3} 9. Re1 Ba7 (9... Be6 10. Ba4 Ba7 11. d4 Bd7 12. Bc2 exd4 13. cxd4 Nb4 14. Nc3 Nxc2 15. Qxc2 {½-½ (38) So,W (2780)-Nakamura,H (2777) chess.com INT 2018}) 10. Nbd2 Be6 {The position is equal.} 11. Nf1 Re8 12. Bxe6 $146 ({Predecessor:} 12. Ba4 Bd7 13. Ng3 Ne7 14. Bc2 Ng6 15. d4 b5 16. Be3 {1-0 (36) Mainka,R (2411)-Fortkamp,E (1750) Travemuende 2002}) 12... fxe6 13. Be3 b5 14. Bxa7 Rxa7 15. d4 Qe7 16. dxe5 Nxe5 17. Nxe5 dxe5 18. Qd3 Rb7 19. Rad1 Rf8 20. Ng3 (20. Qg3 $16) 20... a4 21. Re2 Qc5 22. a3 Rb6 23. Red2 Rd6 24. Qe2 Rfd8 25. Rxd6 cxd6 26. Rd2 Re8 27. Nh5 Nxh5 28. Qxh5 $11 {[%mdl 4096] Endgame KQR-KQR} Re7 29. Qh4 Qc7 30. Qg4 Kh7 31. Qd1 Rd7 32. Qh5 Qc4 33. Qe8 Qxe4 34. Rd1 Qc2 35. Rf1 Rb7 36. Qxe6 Qxb2 37. Qf5+ (37. f4 $15) 37... g6 $17 38. Qf8 $2 (38. Qc8 $17 Rg7 39. Qc6) 38... Qxa3 $19 39. Rd1 Qxc3 40. h4 h5 41. g3 a3 42. Qxd6 Rf7 43. Qe6 {[#]} Kg7 {Played: Qc3-f3} 0-1

[Event "9th RTU Open 2019"]
[Site "Riga"]
[Date "2019.08.09"]
[Round "7.33"]
[White "Galchenko, Matvey"]
[Black "Siniauski, Artsiom"]
[Result "1-0"]
[WhiteElo "2383"]
[BlackElo "2205"]
[Annotator "NA"]
[PlyCount "119"]
[EventDate "2019.08.05"]
[EventType "swiss"]
[EventCountry "LAT"]
[SourceTitle "playchess.com"]
[Source "ChessBase"]
[SourceQuality "1"]
[TimeControl "5400+30"]

1. e4 {[%emt 0:00:00]} e6 {[%emt 0:00:00]} 2. d4 {[%emt 0:00:00]} d5 {[%emt 0:00:00]} 3. Bd3 {[%emt 0:00:15]} dxe4 {[%emt 0:00:31]} 4. Bxe4 {[%emt 0:00:05]} Nf6 {[%emt 0:00:19]} 5. Bf3 {[%emt 0:00:14]} c5 {[%emt 0:00:27]} 6. Ne2 {[%emt 0:00:16]} Nc6 {[%emt 0:00:36]} 7. Be3 {[%emt 0:00:23]} cxd4 {[%emt 0:00:51]} 8. Nxd4 {[%emt 0:00:05]} Ne5 {[%emt 0:00:18]} 9. Nc3 {[%emt 0:01:34]} Bb4 {[%emt 0:01:25]} 10. Ndb5 {[%emt 0:01:09]} Nxf3+ {[%emt 0:03:00]} 11. Qxf3 {[%emt 0:01:02]} a6 {[%emt 0:03:35]} 12. Rd1 {[%emt 0:03:41]} Qe7 {[%emt 0:06:00]} 13. a3 {[%emt 0:01:35]} axb5 {[%emt 0:17:52]} 14. axb4 {[%emt 0:00:06]} Qxb4 {[%emt 0:00:10]} 15. Bd4 {[%emt 0:15:45]} Nd5 {[%emt 0:25:09]} 16. Bxg7 {[%emt 0:11:51]} Rg8 {[%emt 0:00:31]} 17. Be5 {[%emt 0:01:22]} Bd7 {[%emt 0:06:24]} 18. O-O {[%emt 0:06:39]} Qg4 {[%emt 0:09:31]} 19. Qxg4 {[%emt 0:01:47]} Rxg4 {[%emt 0:00:05]} 20. Nxd5 {[%emt 0:00:51]} exd5 {[%emt 0:00:04]} 21. f3 {[%emt 0:04:15]} Rc4 {[%emt 0:00:30]} 22. Rxd5 {[%emt 0:03:26]} Rxc2 {[%emt 0:00:45]} 23. Rfd1 {[%emt 0:00:25]} Bc6 {[%emt 0:02:55]} 24. Rd6 {[%emt 0:01:25]} Kf8 {[%emt 0:02:07]} 25. R6d4 {[%emt 0:12:45]} Rc4 {[%emt 0:03:13]} 26. R4d2 {[%emt 0:01:41]} Re8 {[%emt 0:01:52]} 27. Bd4 {[%emt 0:00:14]} Ra4 {[%emt 0:00:46]} 28. Kf2 {[%emt 0:00:55]} Kg8 {[%emt 0:01:19]} 29. g4 {[%emt 0:02:01]} Rd8 {[%emt 0:01:16]} 30. Bf6 {[%emt 0:00:36]} Rxd2+ {[%emt 0:00:40]} 31. Rxd2 {[%emt 0:00:01]} h6 {[%emt 0:00:35]} 32. Kg3 {[%emt 0:02:11]} Kh7 {[%emt 0:02:41]} 33. Rd8 {[%emt 0:01:30]} Rb4 {[%emt 0:01:39]} 34. Bc3 {[%emt 0:01:34]} Rb3 {[%emt 0:01:32]} 35. Rh8+ {[%emt 0:00:20]} Kg6 {[%emt 0:00:04]} 36. Rg8+ {[%emt 0:00:05]} Kh7 {[%emt 0:00:03]} 37. Rg7+ {[%emt 0:00:03]} Kh8 {[%emt 0:00:04]} 38. Rxf7+ {[%emt 0:00:05]} Kg8 {[%emt 0:00:04]} 39. Rf4 {[%emt 0:00:25]} Kh7 {[%emt 0:03:15]} 40. Rd4 {[%emt 0:01:39]} h5 {[%emt 0:02:30]} 41. h3 {[%emt 0:00:16]} h4+ {[%emt 0:02:34]} 42. Kxh4 {[%emt 0:00:30]} Bxf3 {[%emt 0:00:07]} 43. Kg5 {[%emt 0:00:14]} b4 {[%emt 0:01:14]} 44. Rxb4 {[%emt 0:00:14]} Rxb4 {[%emt 0:00:04]} 45. Bxb4 {[%emt 0:00:03]} Bd1 {[%emt 0:00:23]} 46. Bc3 {[%emt 0:00:46]} Be2 {[%emt 0:00:11]} 47. h4 {[%emt 0:00:04]} Bd1 {[%emt 0:00:13]} 48. h5 {[%emt 0:00:30]} Be2 {[%emt 0:00:09]} 49. Kh4 {[%emt 0:00:09]} Bd1 {[%emt 0:00:07]} 50. g5 {[%emt 0:00:03]} Bc2 {[%emt 0:00:11]} 51. g6+ {[%emt 0:00:04]} Bxg6 {[%emt 0:00:28]} 52. hxg6+ {[%emt 0:00:02]} Kxg6 {[%emt 0:00:06]} 53. Kg4 {[%emt 0:00:10]} Kf7 {[%emt 0:00:09]} 54. Kf5 {[%emt 0:00:18]} Ke7 {[%emt 0:00:04]} 55. Ke5 {[%emt 0:00:07]} Kd7 {[%emt 0:00:04]} 56. Kd5 {[%emt 0:00:06]} Kc7 {[%emt 0:00:04]} 57. Kc5 {[%emt 0:00:28]} Kb8 {[%emt 0:00:07]} 58. Kb6 {[%emt 0:00:03]} Ka8 {[%emt 0:00:04]} 59. Kc7 {[%emt 0:00:05]} Ka7 {[%emt 0:00:05]} 60. Bd4+ {[%emt 0:00:07]} 1-0

[Event "9th RTU Open 2019"]
[Site "Riga"]
[Date "2019.08.09"]
[Round "8.1"]
[White "Gopal G.N."]
[Black "Kovalenko, Igor"]
[Result "1/2-1/2"]
[WhiteElo "2594"]
[BlackElo "2654"]
[Annotator "TA"]
[PlyCount "99"]
[EventDate "2019.08.05"]
[EventType "swiss"]
[EventCountry "LAT"]
[SourceTitle "playchess.com"]
[Source "ChessBase"]
[SourceQuality "1"]

{[%evp 24,99,29,0,0,6,9,-5,0,0,7,8,3,12,11,4,6,4,26,20,20,13,14,22,18,18,29,17,28,0,12,10,14,6,35,39,30,32,39,35,35,18,95,101,98,125,128,130,111,123,119,77,83,70,76,57,134,125,145,32,32,34,33,37,103,40,37,8,10,0,0,0,0,0,0,0,0,0]} 1. e4 e5 2. Nf3 Nc6 3. Bb5 a6 4. Ba4 Nf6 5. O-O Be7 6. Re1 b5 7. Bb3 d6 8. c3 O-O 9. h3 Nb8 10. d4 Nbd7 11. Nbd2 Bb7 12. Bc2 c5 13. Nf1 cxd4 {C95: Closed Ruy Lopez: Breyer Variation with 10 d4} 14. cxd4 exd4 15. Nxd4 Re8 16. Nf5 Bf8 17. Nxd6 Bxd6 18. Qxd6 Bxe4 19. Bxe4 Nxe4 20. Qd4 Ndc5 21. Be3 {[#]} Nd3 $146 22. Red1 Qxd4 23. Bxd4 Nf4 24. Be3 Ne6 25. Rac1 Rec8 26. Nd2 Nxd2 27. Bxd2 h5 28. Be3 g5 29. g4 $36 {[%mdl 2048] White has the initiative.} hxg4 30. hxg4 Kh7 31. Kg2 Kg6 32. Kf3 Kf6 (32... Rxc1 $11 {remains equal.} 33. Rxc1 Nd8) 33. Rxc8 $16 Rxc8 {[%mdl 4096] Endgame KRB-KRN} 34. Rd6 a5 35. Rd5 Rb8 36. b3 a4 37. Ke4 Kg6 38. Kd3 axb3 39. axb3 b4 (39... f6 $1 $14) 40. Kc4 Rh8 41. f3 (41. Kxb4 $16 {aiming for Kc3.} f6 42. Rd6) 41... Rh1 $14 42. Bd2 Rf1 43. Rd3 Rf2 (43... f6 $14) 44. Kxb4 (44. Bxb4 $16 {Bc3 is the strong threat.} f5 45. Rd6 fxg4 46. Rxe6+ (46. fxg4 Rf4+ 47. Kc3 Kf6 $11) 46... Kf5 47. Re8 gxf3 48. Kd3) 44... f5 $1 45. Rd6 Kf6 {The position is equal.} 46. Bxg5+ Kxg5 47. Rxe6 {[#] Threatens to win with Re5.} f4 $1 48. Re5+ Kh4 $1 49. Kc4 Rxf3 50. g5 {Accuracy: White = 52%, Black = 65%.} 1/2-1/2